Discurso y habilidades del pensamiento : módulo 1 /

Guardado en:
Otros Autores: Jadranka Juric, M. E., coord.
Formato: Libro
Publicado: Mar del Plata : Helvética, 1995
Materias:
Etiquetas: Agregar Etiqueta
Sin Etiquetas, Sea el primero en etiquetar este registro!
LEADER 00657nam a22002055a 4500
001 CEM.cems009395
005 20081212095444.0
008 130507s1995##################000#0#####d
003 CEMS
082 0 4 |a 371.3 
245 0 0 |a Discurso y habilidades del pensamiento :  |b módulo 1 /  |c Coordinado Por M. E. Jadranka Juric 
260 |a Mar del Plata :  |b Helvética,  |c 1995 
300 |a 112 p. 
505 0 |a Discursos y habilidades del pensamiento.- 
653 |a Comprensión de textos 
653 |a Deducción 
653 |a Educación 
653 |a Inducción 
700 1 |a Jadranka Juric, M. E., coord. 
859 |a CEMS  |b BIB. CEMS - 11 de abril  |h 371.3  |i J174  |p 98.99  |t Ej.1  |v I  |3 I